Infrastructure cost review (Record no. 113066)

MARC details
000 -LEADER
fixed length control field 01135cad a22001935a 4500
001 - CONTROL NUMBER
control field L154612
008 - FIXED-LENGTH DATA ELEMENTS--GENERAL INFORMATION
fixed length control field 120105s2011 xxk f 000 0 eng d
035 ## - SYSTEM CONTROL NUMBER
System control number (Sirsi) u154612
041 0# - LANGUAGE CODE
Language code of text/sound track or separate title eng
110 2# - MAIN ENTRY--CORPORATE NAME
Corporate name or jurisdiction name as entry element United Kingdom
Subordinate unit HM Treasury
245 00 - TITLE STATEMENT
Title Infrastructure cost review
Remainder of title charter commitments
Medium [electronic resource]
260 ## - PUBLICATION, DISTRIBUTION, ETC.
Place of publication, distribution, etc. London
Name of publisher, distributor, etc. HM Treasury
Date of publication, distribution, etc. 2011
520 ## - SUMMARY, ETC.
Summary, etc. This charter establishes the high-level objectives and behavioural changes needed to reduce the costs of infrastructure delivery. These objectives are set out in the commitments made in the Government's Plan for Growth at Budget 2011, the Infrastructure Cost Review: Implementation Plan (March 2011) and are consistent with the Government's Construction Strategy (May 2011). The Charter aims to change behaviours and working practice for infrastructure delivery.
590 ## - LOCAL NOTE (RLIN)
Local note KA
651 #4 - SUBJECT ADDED ENTRY--GEOGRAPHIC NAME
Geographic name United Kingdom
Chronological subdivision
690 ## - LOCAL SUBJECT ADDED ENTRY--TOPICAL TERM (OCLC, RLIN)
Topical term or geographic name as entry element PROPERTY-INFRASTRUCTURE
856 40 - ELECTRONIC LOCATION AND ACCESS
Uniform Resource Identifier <a href="https://www.constructionproducts.org.uk/newsdesk/dbfiles/IUK%20Infrastructure%20Charter%20June%202011.pdf">https://www.constructionproducts.org.uk/newsdesk/dbfiles/IUK%20Infrastructure%20Charter%20June%202011.pdf</a>
Public note View the document free of charge at www.constructionproducts.org.uk
942 ## - ADDED ENTRY ELEMENTS (KOHA)
Suppress in OPAC 0
Holdings
Withdrawn status Lost status Source of classification or shelving scheme Damaged status Not for loan Home library Current library Shelving location Date acquired Total Checkouts Full call number Barcode Date last seen Copy number Price effective from Koha item type
    Dewey Decimal Classification     Virtual Virtual Online 05/01/2012   ONLINE PUBLICATION 154612-2001 06/08/2019 1 06/08/2019 Book